| 000 | 01139nam a22002897a 4500 | ||
|---|---|---|---|
| 005 | 20210325202131.0 | ||
| 008 | s2550 th tha d | ||
| 020 | _a9789741353484 | ||
| 040 | _aNALT | ||
| 041 | _atha | ||
| 050 |
_aAC 159 _bม757 2550 |
||
| 245 | 0 | 0 |
_aมิติชุมชน 30 : _bเฑอะ บีเทิลส : วงร็อค-'เอ็น'-โรล ที่น่าพิศวงที่สุดตลอดกาล / |
| 260 |
_aกรุงเทพฯ : _bมิติชุมชน, _c2550 |
||
| 300 |
_a161 หน้า : _bภาพประกอบ ; _c21 ซม. |
||
| 650 | 0 | 4 | _aว่านหางช้าง |
| 650 | 0 | 4 | _aสาหร่ายผักกาดทะเล |
| 650 | 0 | 4 | _aดาวพฤหัสบดี |
| 650 | 0 | 4 | _aเกอิขา |
| 650 | 4 |
_aดนตรีร็อก _941514 |
|
| 650 | 0 | 4 | _aฮอร์แด ปร็อก |
| 650 | 0 |
_aรวมเรื่อง _9545 |
|
| 650 | 0 | 4 | _aทองกวาว |
| 650 | 4 |
_aความรู้ทั่วไป _97244 |
|
| 850 | _aNALT | ||
| 942 |
_cGB _01 _2lcc |
||
| 999 |
_c54709 _d54709 |
||
| 998 |
_j _kCRON CRON |
||